000 00974nam a2200253 a 4500
001 40045
003 BD-RjUL
005 20211209053126.0
008 160421s2003 bg a|||| |||| 00| 0 ben d
020 _a9845550320
_c: Tk. 350.00
035 _a(BD-RjUL)40160
040 _aBD-RjUL
_bben
_cBD-RjUL
041 _aben
082 _223
_a709.092
_bHOQ 2003
100 _a হক, মফিদুল
_9123331
245 1 0 _aকাইয়ুম চৌধুরী = Qayyum Chowdhury /
_cমফিদুল হক
260 _aঢাকা :
_bবাংলাদেশ শিল্পকলা একাডেমী,
_c২০০৩
300 _a৫১ পৃ. ৬৬ প্লেট :
_bচিত্র ;
_c২৯ সেমি
490 _aArt of Bangladesh
_v6
500 _aজীবন বৃত্তান্ত সংযুক্ত
650 _aচিত্রশিল্পী
_xজীবনী
_9121835
650 _aPainters
_xBiography
_9121836
942 _2ddc
_cBK
999 _c40045
_d40045